000 00328nam a2200133Ia 4500
008 240624s9999 xx 000 0 und d
041 _aeng
082 _a658.8 TRE
100 _aTREADAWAY CHRIS
245 _aFACEBOOK MARKETING AN HOUR A DAY
260 _c2010
_aNew Delhi
_bWiley India
300 _a291 : p.
365 _cRS
_b27
999 _c15546
_d15546